000 01085nam a2200277 a 4500
001 000035751
005 20240530073935.0
008 111110s2011 dr 001 m spa d
020 _a9789945423211
040 _aDO-SdBNP
_bspa
_cBNPHU
082 _aRD860.4409
_bC422e
100 1 _aCéspedes, Diógenes,
_d1941-
_920548
245 1 0 _aEstudios linguísticos, literarios, culturales y semióticos /
_cDiógenes Céspedes.
260 _aSanto Domingo :
_bBúho,
_c2011.
300 _a470 p. :
_bil. ;
_c24 cm.
500 _aIncluye bibliografía y notas al pie de páginas.
590 _aInventariado, 2018/LP
650 0 _aEnsayos dominicanos
_965
650 0 _aLiteratura dominicana.
_967
650 4 _aPoesía latinoamericana
_xHistoria y crítica
_917323
650 4 _aAutores latinoamericanos
_xHistoria y crítica
_930557
650 4 _aLenguaje y cultura
_xEnsayos, conferencias, etc.
_931350
650 4 _aLinguística
_xEnsayos, conferencias, etc.
_919506
650 4 _aSemiótica y literatura
_xEnsayos, conferencias, etc.
_961697
910 _aValidado. Control de calidad EMS
999 _c35242
_d35242